[Event "Taastrup Aktiv-Alliancen E"]
[Site "Taastrup"]
[Date "2002.01.25"]
[Round "1"]
[White "Jensen, Carsten"]
[Black "Jensen, Leif Haugaard"]
[Result "1-0"]
[WhiteElo "1143"]
[BlackElo "1142"]
[PlyCount "39"]
[EventDate "2002.01.25"]
[EventType "swiss"]
[EventRounds "5"]
[EventCountry "DEN"]
[SourceTitle "EXT 2023"]
[Source "ChessBase"]
[SourceDate "2022.10.05"]
[SourceVersion "1"]
[SourceVersionDate "2022.10.05"]
[SourceQuality "1"]

1. d4 d5 2. c4 e6 3. Nf3 Nf6 4. Nc3 c5 5. e3 Nc6 6. Be2 dxc4 7. Bxc4 a6 8. a3 b5 9. Ba2 Bb7 10. 0-0 Qc7 11. dxc5 Bxc5 12. b4 Bd6 13. Bb2 Ne5 14. Nd4 Neg4 15. g3 e5 16. Nf5 0-0-0 17. Rc1 Bxb4 18. Nd5 Bc5 19. Nxc7 Rxd1 20. Rfxd1 1-0